Estatísticas para Países com Território nos Balcãs

Clique aqui para jogar o quiz

Estatísticas Gerais

  • Esse quiz foi jogado 2 046 vezes
  • A pontuação média é 11 de 13

Estatísticas das Respostas

PercentualPaís% Correto
80%Grécia
95%
65%Sérvia
93%
54%Croácia
92%
>99%Bósnia e Herzegovina
90%
>99%Montenegro
90%
>99%Albânia
89%
50%Eslovênia
88%
100%Kosovo
88%
100%Macedônia do Norte
88%
>99%Bulgária
87%
5%Romênia
84%
3%Turquia
79%
0.1%Itália
77%

Distribuição das Pontuações

Percentil de Números Respondidos

Porcentagem de Pessoas com Cada Pontuação

Sua Pontuação Histórica

Você não jogou esse quiz